NBA find the secret player - Statistics

General Stats
  • This quiz has been taken 58 times
    57 since last reset
  • The average score is 8 of 11
Answer Stats
Hint Answer % Correct
All time leading scorer Lebron James The last letter of this name is the first letter of the secret name
100%
Spent their whole 20 season career with the lakers Kobe Bryant The 4th letter of this name is the 3rd letter of the secrets name
90%
The leading rebounder on the 90s bulls Dennis Rodman The first letter of this last name is the ninth letter of the secret name
83%
The leading scorer for the Mavs Dirk Nowitzki The 3rd letter of this name is the 10th letter of the secret name
80%
This player won 6 championships with the bulls Michael Jordan The 3rd letter of this name is the 7th letter of the secret name which is the start of his last name
80%
7 foot 6 Chinese player Yao Ming The first letter of this name is the last letter of the secret name
80%
All time blocks leader Hakeem olajuwon The first letter of this name is the 6th letter of the secret name
73%
Shaq’s running mate in Orlando Penny hardaway The first letter of this name is the fourth letter of the secret name
73%
The secret name is Steph Curry
65%
Best three point percentage Steve Kerr The second letter of this name is the second letter of his name
55%
_ _ _ _ magic Luka Doncic The second letter of this name is the 8th letter of the secret name
53%
No matching quizzes found
Score Distribution
Percent of People with Each Score
Percentile by Number Answered
Your Score History
You have not taken this quiz since the last reset